000 00472cam a2200205 4500
001 D7055
008 090401t1975 xxu||||| |||| 00| 0 eng d
035 _a(Sirsi) u4962
041 _aeng
050 _a346.41043
100 _aMegarry, Robert
_cSir
245 2 _aA manual of the law of real property
250 _a5th
260 _aLondon
_bStevens
_c1975
300 _alv. 610p. 22cm
350 _a6
700 _aBaker, P.V.
942 _n0
948 _c04/03/1997
999 _c86093
_d86093